The reign of al-Mutawakkil / (Record no. 32624)
[ view plain ]
| 000 -LEADER | |
|---|---|
| fixed length control field | 00922cam a2200289 4500 |
| 001 - CONTROL NUMBER | |
| control field | 32624 |
| 003 - CONTROL NUMBER IDENTIFIER | |
| rucl marc code | BD-RjUL |
| 005 - DATE AND TIME OF LATEST TRANSACTION | |
| control field | 20211209051851.0 |
| 008 - FIXED-LENGTH DATA ELEMENTS--GENERAL INFORMATION | |
| fixed length control field | 140427s1969 pk b 001 0 eng |
| 035 ## - SYSTEM CONTROL NUMBER | |
| System control number | (BD-RjUL)32713 |
| 040 ## - CATALOGING SOURCE | |
| Original cataloging agency | DLC |
| Transcribing agency | DLC |
| Modifying agency | BD-RjUL |
| Language of cataloging | eng |
| 041 ## - LANGUAGE CODE | |
| Language code of text/sound track or separate title | eng |
| 082 00 - DEWEY DECIMAL CLASSIFICATION NUMBER | |
| Classification number | 297.942 |
| Author mark and year | MIR 1969 |
| 100 1# - MAIN ENTRY--PERSONAL NAME | |
| Personal name | Miah, M. Shamsuddin. |
| 9 (RLIN) | 99270 |
| 245 14 - TITLE STATEMENT | |
| Title | The reign of al-Mutawakkil / |
| Statement of responsibility, etc. | by M. Shamsuddin Miah. |
| 260 ## - PUBLICATION, DISTRIBUTION, ETC. (IMPRINT) | |
| Place of publication, distribution, etc. | Dacca : |
| Name of publisher, distributor, etc. | Asiatic Society of Pakistan, |
| Date of publication, distribution, etc. | c1969. |
| 300 ## - PHYSICAL DESCRIPTION | |
| Pagination | xv, 381 p. ; |
| Size | 25 cm. |
| 490 ## - SERIES STATEMENT | |
| Series statement | Asiatic Society of Pakistan Publication |
| Volume/sequential designation | no. 24 |
| 502 ## - DISSERTATION NOTE | |
| Dissertation note | Thesis--University of London. |
| 504 ## - BIBLIOGRAPHY, ETC. NOTE | |
| Bibliography, etc | Bibliography: p. [331]-360. |
| Bibliography, etc | Includes index. |
| 600 00 - SUBJECT ADDED ENTRY--PERSONAL NAME | |
| Personal name | Mutawakkil, |
| Titles and other words associated with a name | caliph, |
| Dates associated with a name | 821-861. |
| 651 #0 - SUBJECT ADDED ENTRY--GEOGRAPHIC NAME | |
| Geographic name | Iraq |
| General subdivision | History |
| Chronological subdivision | 634-1534. |
| 9 (RLIN) | 99272 |
| 830 ## - SERIES ADDED ENTRY--UNIFORM TITLE | |
| Uniform title | Asiatic Society of Pakistan Publication |
| Volume number/sequential designation | no. 24 |
| 942 ## - ADDED ENTRY ELEMENTS (KOHA) | |
| Source of classification or shelving scheme | Dewey Decimal Classification |
| Koha item type | Books |
| Lost status | Source of classification or shelving scheme | Damaged status | Not for loan | Collection code | Permanent Location | Current Location | Shelving location | Date acquired | Total Checkouts | Full call number | Date last seen | Copy number | Koha item type | Source of acquisition | Cost, normal purchase price |
|---|---|---|---|---|---|---|---|---|---|---|---|---|---|---|---|
| Dewey Decimal Classification | Non-fiction | Central Library, University of Rajshahi | Central Library, University of Rajshahi | 27/04/2014 | 297.942 MIR 1969 | 27/04/2014 | C-3 | Books | |||||||
| Dewey Decimal Classification | Not For Loan | Non-fiction | Central Library, University of Rajshahi | Central Library, University of Rajshahi | 27/08/1971 | 297.942 MIR 1969 | 28/04/2014 | C-1 | Books | Asintic society of pak. Dacca | 25.00 | ||||
| Dewey Decimal Classification | Non-fiction | Central Library, University of Rajshahi | Central Library, University of Rajshahi | 27/08/1971 | 297.942 MIR 1969 | 29/04/2014 | C-4 | Books | Asiatic Society of Pakistan. | 25.00 | |||||
| Dewey Decimal Classification | Non-fiction | Central Library, University of Rajshahi | Central Library, University of Rajshahi | 27/08/1971 | 297.942 MIR 1969 | 29/04/2014 | C-2 | Books | Asiatic Society of Pakistan. | 25.00 | |||||
| Dewey Decimal Classification | Non-fiction | Central Library, University of Rajshahi | Central Library, University of Rajshahi | 10/09/2004 | 297.942 MIR 1969 | 29/04/2014 | C-5 | Books | M. Shamsuddin Miah. | 25.00 | |||||
| Dewey Decimal Classification | Non-fiction | Central Library, University of Rajshahi | Central Library, University of Rajshahi | 17/07/2012 | 297.942 MIR 1969 | 29/04/2014 | C-6 | Books | M. Shamsuddin Miah. | 50.00 | |||||
| Dewey Decimal Classification | Non-fiction | Central Library, University of Rajshahi | Central Library, University of Rajshahi | 17/07/2012 | 297.942 MIR 1969 | 29/04/2014 | C-7 | Books | M. Shamsuddin Miah. | 50.00 | |||||
| Dewey Decimal Classification | Non-fiction | Central Library, University of Rajshahi | Central Library, University of Rajshahi | 17/05/1976 | 297.942 MIR 1969 | 29/04/2014 | C-8 | Books | Asiatic Society of Pakistan. | 37.50 | |||||
| Dewey Decimal Classification | Non-fiction | Central Library, University of Rajshahi | Central Library, University of Rajshahi | 01/02/2010 | 297.942 MIR 1969 | 28/07/2016 | C-9 | Books | Asiatik sosiety of Bangladesh, Dhaka | 25.00 | |||||
| Dewey Decimal Classification | Non-fiction | Central Library, University of Rajshahi | Central Library, University of Rajshahi | 01/02/2010 | 297.942 MIR 1969 | 05/12/2016 | C-10 | Books | Dhaka, Anatic Society of Bangladesh | 25.00 |